Box Office Bombs by Picture - Statistics

General Stats
  • This quiz has been taken 255 times
  • The average score is 11 of 30
Answer Stats
Picture Hint Answer % Correct
2013. 201-239M. The Lone Ranger
79%
2019. $92–155M. Dark Phoenix
73%
2009. $68-155M. A Christmas Carol
64%
2020. $159M. Mulan
64%
2021. $162M. Jungle Cruise
59%
2022. $167M. Turning Red
59%
2020. $113–155M. Wonder Woman 1984
59%
2017. $134–183M. King Arthur: Legend of the Sword
51%
2020. $147M. Onward
51%
2012. $143-255M. John Carter
49%
2012. $191M. Battleship
47%
2003. $199M. Sinbad: Legend of the Seven Seas
46%
2015. $111–185M. Tomorrowland
46%
2016. $91–146M. Ben-Hur
45%
2015. $106-185M. Pan
36%
2022. $197M. Strange World
30%
2019. $128–152M. Terminator: Dark Fate
29%
2015. $117–148M. Jupiter Ascending
26%
2011. $130-187M. Mars Needs Moms
26%
1995. $202M. Cutthroat Island
24%
2016. $132–150M. Monster Trucks
23%
2018. $204M. Mortal Engines
22%
2018. $152M. A Wrinkle in Time
21%
1999. $121-227M. The 13th Warrior
19%
2002. $156M. The Adventures of Pluto Nash
18%
2000. $170M. Titan A.E.
17%
2001. $155M. Final Fantasy: The Spirits Within
16%
2002. $114–155M. Hart's War
16%
2004. $146M. The Alamo
15%
1980. $144M. Heaven's Gate
12%
No matching quizzes found
Score Distribution
Percent of People with Each Score
Percentile by Number Answered
Your Score History
You have not taken this quiz